| 000 | 00976nam0a2200313 4500 | ||
|---|---|---|---|
| 001 | RU\NLR\bibl\1834604 | ||
| 005 | 20250616165839.0 | ||
| 010 |
_a978-5-17-075638-4 _bАСТ |
||
| 010 |
_a978-5-271-37639-9 _bАстрель _97000 |
||
| 021 |
_aRU _b2011-83516 _95947 |
||
| 035 | _a(NLR Aleph) 001825092 | ||
| 090 |
_a2059696 _c2059696 |
||
| 100 | _a20111116d2011 |||y0rusy50 ca | ||
| 101 | 1 |
_arus _ceng |
|
| 102 | _aRU | ||
| 105 | _ay ||||||||| | ||
| 200 | 1 |
_aРыжий ангел _e[роман] _fДжудит Айвори _g[пер. с англ. Н.Н. Аниськовой] |
|
| 210 |
_aМосква _cАСТ _cАстрель _d2011 |
||
| 215 |
_a350, [1] с. _d16 |
||
| 225 | 1 | _aОчарование | |
| 225 | 1 | _aМини-Шарм | |
| 686 | _aШ6(7США)67-440.4{Лх1979-50} | ||
| 700 | 1 |
_aАйвори _bД. _gДжудит _4070 |
|
| 801 | 0 |
_aRU _bNLR _c20111116 _gRCR |
|
| 801 | 1 |
_aRU _bNLR _c20111116 |
|
| 942 | _cBOOK | ||
| 980 | _aNB | ||
| 980 | _aNBR | ||